| 000 | 00894nam a22002297a 4500 | ||
|---|---|---|---|
| 005 | 20100811144442.0 | ||
| 008 | 081119t xxu||||| |||| 00| 0 ur d | ||
| 010 | _aUR-7672 | ||
| 020 |
_c250.00 _a8190400142 |
||
| 035 | _a6227 | ||
| 040 |
_aDPL _bUR |
||
| 082 | _a841.08 | ||
| 100 |
_aسعیدالدین احمد _910685 |
||
| 245 |
_aسرح دیوان غالب اردو / _cسعیدالدین احمد _b |
||
| 246 |
_aSharah Diwan-e-Ghalib Urdu / _bby Sayeeduddin |
||
| 260 |
_a نئ دہلی _bغالب اکیڈمی _c2007 |
||
| 270 |
_aGhalib Academy, Nizamuddin Area _bNew Delhi _e110013 |
||
| 300 |
_a396 ص _c22 س م (Hb) |
||
| 650 |
_aUrdu story _910686 |
||
| 942 |
_2ddc _cUR _mغ ا ل _h841.08 |
||
| 999 |
_c41041 _d41041 |
||